Zmena v definícii obratu k 1.1.2019 a registračná povinnosť vyplývajúca zo zákona o dani z pridanej hodnoty bakalárska práca

Saved in:
Bibliographic Details
Main Author: Hrkelová, Diana
Corporate Author: Fakulta hospodárskej informatiky EU. Katedra účtovníctva a audítorstva
Other Authors: Surovičová, Adriana, 1990-
Format: Book
Language:Slovak
Published: Bratislava 2020
Tags: Add Tag
No Tags, Be the first to tag this record!

MARC

LEADER 00000nbm a2200000 4500
001 0264710
005 20210427213013.3
041 0 |a slo 
044 |a SK 
245 1 0 |a Zmena v definícii obratu k 1.1.2019 a registračná povinnosť vyplývajúca zo zákona o dani z pridanej hodnoty  |b bakalárska práca  |c Diana Hrkelová ; školiteľ: Adriana Surovičová 
264 1 |a Bratislava  |c 2020 
300 |a 40 s. 
100 1 |a Hrkelová, Diana 
700 1 |a Surovičová, Adriana, 1990- 
710 2 |a Fakulta hospodárskej informatiky EU. Katedra účtovníctva a audítorstva